02424cam a22003975a 4500999001700000001001000017003000900027005001700036008004100053020001800094020001500112040005500127082001900182100003500201245008000236250002000316264005100336264001000387300004600397336002600443337002800469338002700497504005100524520063700575650003801212650003701250651001001287653003601297655002401333942001201357952014901369952011701518952013301635952012901768952012901897 c24129d24101016557234EG-ScBUE20201128024131.0131128t2010 nyua f b 001 0 eng d a9780077145620 a0077145623 aStDuBDSbengerdacStDuBDSdUkdEG-ScBUEdEG-ScBUE04a658.3bBOS2221 aBoselie, Paul,eauthor.93496910aStrategic human resource management :ba balanced approach /cPaul Boselie. aSecond edition. 1aNew York, NY :bMcGraw-Hill Education,c[2010] 4cc2010 axxiv, 299 pages :billustrations ;c25 cm 2rdacontentatextbtxt 2rdamediaaunmediatedbn 2rdacarrieravolumebnc aIncludes bibliographical references and index. aStrategic HRM: A Balanced Approach has been updated and revised throughout to examine the latest in theory and practice. Central to its theme is putting HRM in its organizational context and creating a more balanced approach to managing people - `HR sensitivity'.To illustrate how understanding context is key to successful strategic HRM, this text doesn't offer best-practice solutions but takes a critical perspective HRM builds on economics, psychology, sociology and industrial relations. It's a multilevel approach that includes the individual employee, teams, business units, organizations, sectors/populations, and countries. 7aPersonnel management.2BUEsh9994 7aStrategic planning.2BUEsh91643 2BUEsh bBUSADMcFebruary2017cMarch2019 vReading book934232 2ddccBB 00102ddc40708BaccahaMAINbMAINc1STd2017-02-13ePurchaseg750.00l2m25o658.3 BOSp000045422r2025-07-15 00:00:00s2017-10-14v938.00yBB 00102ddc40708BaccahaMAINbMAINc1STd2018-05-08ePurchasel0o658.3 BOSp000043384r2025-07-15 00:00:00yNB 00102ddc40708BaccahaMAINbMAINc1STd2019-03-17ePurchaseg550.00l0o658.3 BOSp000044412r2025-07-15 00:00:00v687.50yBB 00102ddc40708BaccahaMAINbMAINc1STd2020-03-19ePurchasel0o658.3 BOSp000049056r2025-07-15 00:00:00w2020-03-19yBB 00102ddc40708BaccahaMAINbMAINc1STd2020-08-23ePurchasel0o658.3 BOSp000049454r2025-07-15 00:00:00w2020-08-23yBB